01795nam a22003977a 4500003000500000005001700005008004100022010001100063011001100074035001100085040000900096090001000105100003600115245012800151260004000279500006000319502010800379590003700487590004100524590004100565590004100606590004100647590004100688590004200729650003800771650002500809650002600834856006400860901000700924942000900931949006900940949007401009999001901083952015001102952014501252CHAP20220329143839.0120112s2011 mx r 00010 spa d a102726 a103698 a114387 cCHAP aTesis1 aEscamilla Banda, Claudia93743010aPlagas del lirio de día (Hemerocallis spp. L.) en Texcoco, Estado de Méxicoh[En línea]c/por Claudia Escamilla Banda aChapingo, Méx. :bEl autor,c2011 aPara ver el contenido del material haga clic en la liga aTesis (Ing. Agr. Esp. en Parasitología Agrícola -- UACH. Departamento de Parasitología Agrícola aALEPHb10c20130110lUCH01h1543 aBATCH-UPDb10c20130110lUCH01h1705 aBATCH-UPDb10c20130410lUCH01h1052 aBATCH-UPDb10c20130914lUCH01h1124 aBATCH-UPDb10c20140324lUCH01h1529 aBATCH-UPDb10c20141002lUCH01h0852 aCONVERSIONb10c20130109lUCH01h135714aCultivoszMéxico (Edo.).93036414aHemerocallis.95349814aLirioxPlagas.967069 3Finding aiduhttp://10.13.5.2/tesis/114387.pdfzTeclea aqui aBK cFOLL aTesisbBCcTESd33724002315132eTS1gDonaciØnh53179i114387st aTesisbBCcTESd33724002315173eTS2fc.2gDonaciØnh53180i114387st c102726d102726 00102local4053708TESISaBCbBCcPA_TESISd2019-12-31eDonacionfTESISl0oTesisp33724002315173r2019-12-31 00:00:00tc.2w2019-12-31yTESIS 00102local4051708TESISaBCbBCcPA_TESISd2019-12-31eDonacionfTESISl0oTesisp33724002315132r2019-12-31 00:00:00w2019-12-31yTESIS